000 00907cam a2200265 a 4500
001 000009227
005 20200929161526.0
008 960329s1993 sp b 001 f spa
020 _a8488344023
040 _aDO-SdBNP
_cDLC
082 _aA863.4
_bF363m, 1993
100 1 _aFernández, Macedonio,
_d1874-1952.
_915507
245 1 0 _aMuseo de la novela de la eterna /
_cMacedonio Fernández ; edición crítica, Ana Camblong y Adolfo de Obieta.
260 _aMadrid :
_bCátedra,
_c1993.
300 _a591 p. ;
_c25 cm.
490 1 _aArchivos
_v25
504 _aBibliografías: p. 107-129.
600 1 4 _aMACEDONIO, FERNÁNDEZ,
_d1874-1952.
_915508
650 4 _aNovela argentina
_93941
650 4 _aLiteratura argentina
_ySIGLO XX
_914711
700 1 _aCamblong, Ana,
_eed.
_923924
700 1 _aObieta, Adolfo de,
_eed.
_923925
830 0 _aArchivos ;
_v25
_914634
910 _aCatalogación por copia / LC
999 _c8990
_d8990